The investigation of the anisotropy of flow properties of terrigenous reservoirs; Проблемы геологии и освоения недр; Т. 2

Bibliographic Details
Parent link:Проблемы геологии и освоения недр: труды XXII Международного симпозиума имени академика М. А. Усова студентов и молодых ученых, посвященного 155-летию со дня рождения академика В.А. Обручева, 135-летию со дня рождения академика М.А. Усова, основателей Сибирской горно-геологической школы, и 110-летию первого выпуска горных инженеров в Сибири, Томск, 2-7 апреля 2018 г./ Национальный исследовательский Томский политехнический университет, Инженерная школа природных ресурсов ; под ред. А. С. Боева.— , 2018
Т. 2.— 2018.— [С. 851-852]
Main Author: Ermekov R. I.
Corporate Author: Национальный исследовательский Томский политехнический университет (ТПУ)
Other Authors: Merkulov V. P. Vitaly Pavlovich (научный руководитель)
Summary:Заглавие с экрана
Language:English
Published: 2018
Series:Геология, горное и нефтегазовое дело (доклады на английском и немецком языках)
Subjects:
Online Access:http://earchive.tpu.ru/handle/11683/51292
Format: Electronic Book Chapter
KOHA link:https://koha.lib.tpu.ru/cgi-bin/koha/opac-detail.pl?biblionumber=628198

MARC

LEADER 00000naa2a2200000 4500
001 628198
005 20231101133511.0
035 |a (RuTPU)RU\TPU\conf\28328 
035 |a RU\TPU\conf\28326 
090 |a 628198 
100 |a 20181017d2018 k y0rusy50 ba 
101 0 |a eng 
102 |a RU 
105 |a y z 100zy 
135 |a drgn ---uucaa 
181 0 |a i  
182 0 |a b 
200 1 |a The investigation of the anisotropy of flow properties of terrigenous reservoirs  |f R. I. Ermekov  |g sci. adv. V. P. Merkulov 
203 |a Текст  |c электронный 
225 1 |a Геология, горное и нефтегазовое дело (доклады на английском и немецком языках) 
230 |a 1 компьютерный файл (pdf; 377 Kb) 
300 |a Заглавие с экрана 
320 |a [Библиогр.: с. 852 (8 назв.)] 
461 1 |0 (RuTPU)RU\TPU\conf\27247  |t Проблемы геологии и освоения недр  |o труды XXII Международного симпозиума имени академика М. А. Усова студентов и молодых ученых, посвященного 155-летию со дня рождения академика В.А. Обручева, 135-летию со дня рождения академика М.А. Усова, основателей Сибирской горно-геологической школы, и 110-летию первого выпуска горных инженеров в Сибири, Томск, 2-7 апреля 2018 г.  |o в 2 т.  |f Национальный исследовательский Томский политехнический университет, Инженерная школа природных ресурсов ; под ред. А. С. Боева  |d 2018 
463 1 |0 (RuTPU)RU\TPU\conf\27249  |t Т. 2  |v [С. 851-852]  |d 2018 
610 1 |a труды учёных ТПУ 
610 1 |a электронный ресурс 
610 1 |a анизотропия 
610 1 |a течение 
610 1 |a водоемы 
610 1 |a проницаемость 
610 1 |a неоднородность 
610 1 |a заводнения 
610 1 |a нефтяные месторождения 
610 1 |a скважины 
700 1 |a Ermekov  |b R. I. 
702 1 |a Merkulov  |b V. P.  |c geologist  |c Head of the Department of Tomsk Polytechnic University, Candidate of geological and mineralogical sciences  |f 1953-  |g Vitaly Pavlovich  |2 stltpush  |4 727 
712 0 2 |a Национальный исследовательский Томский политехнический университет (ТПУ)  |c (2009- )  |2 stltpush  |3 (RuTPU)RU\TPU\col\15902 
801 2 |a RU  |b 63413507  |c 20181026  |g RCR 
856 4 |u http://earchive.tpu.ru/handle/11683/51292 
942 |c BK